00648nam a2200193 a 450000100100000000500170001000800410002702000150006804000250008310000260010824000280013424500400016226000380020230000210024049000320026183000390029395201050033299900170043700004268620201002040327.0140206s1998 sp a 000 0 spa d a8440683022 aDO-SdBNPbspacBNPHU1 aCortadas, Anna96998810aNicaragua de gent dolca10aQuerida Nicaragua /cAnna Cortadas. aBarcelona, :bEdiciones B,c1998. a221 p. ;c19 cm.1 aBiblioteca Grandes Viajeros 0aBiblioteca Grandes Viajeros969748 001050718MOaGRbGRcCTd2014-02-05iLF1l0o p42686-10r2020-06-25w2020-06-25y1ZNo se presta c42175d42175